| 000 | 005200000a22001930004500 | ||
|---|---|---|---|
| 020 | _a958-33-0230-6 | ||
| 041 | 0 | _aSPA | |
| 082 | 0 | 4 | _aG 303.485 V722p |
| 100 | 1 | _aVillarraga S., Álvaro | |
| 245 | 1 | 0 | _aPara reconstruir los sueños : Una historia del EPL / Alvaro Villarraga S., Nelson Plazas N. |
| 250 | _a2 | ||
| 260 | _a[S.L] : Progresar | ||
| 300 | _a470 Pag | ||
| 001 | 9298 | ||
| 942 | _cBK | ||
| 999 |
_c39349 _d39349 |
||
| 336 |
_atexto _btxt _2rdacontent |
||
| 337 |
_2rdamedia _asin mediación _bn |
||
| 338 |
_2rdacarrier _avolumen _bnc |
||